000
00342pab a2200145 454500
008
180718b2005 xxu||||| |||| 00| 0 eng d
100
_a
Williamson, Oliver E.
245
_a
The economic of governance
260
_c
2005
300
_a
p.1-18.
362
_a
May
650
_a
Economics
773
_a
American Economic Review
909
_a
68060
999
_c
68060
_d
68060